000 01194nam0a22002891 4500
001 v19\rc\1871496
005 20260406112956.0
035 _a(NLR Aleph) 004962642
090 _a6000307
_c6000307
100 _a20080221d1910 u y0rusy50 ca
101 0 _arus
102 _aRU
105 _ay z ||||b
200 1 _aХронологическая канва для биографии И.С. Тургенева
210 _aСанкт-Петербург
_cтип. Имп. Акад. наук
_d1910
215 _a[2], IV, 130 с.
_d25
225 1 _aСборник Отделения русского языка и словесности Академии наук
_vТ. 87. № 2
532 1 0 _aХронологическая канва для биографии Ивана Сергеевича Тургенева
700 1 _aГутьяр
_bН.М.
_f1866-1930
_gНиколай Михайлович
702 1 _4570
_8rus
_7ca
_aТургенев
_bИ. С.
_f1818-1883
_gИван Сергеевич
_3RU\NLR\AUTH\77102
_9110198
801 0 _aRU
_bNLR
_gpsbo
801 1 _aRU
_bProSoft-M
_2rusmarc
852 _aNLR
_jП34/278
852 _aNLR
_j641/Т-87
942 _cBOOK
980 _aNB